000 00325nam a2200145Ia 4500
008 230718s9999 xx 000 0 und d
041 _aEng.
082 _a546
_bMAL-I
100 _aMalik,Ahmad
245 0 _ainternational laws
260 _aPakistan
_bIRFAN LAW PUB.
_c2012
300 _a874
650 _aLaw
999 _c30441
_d30441